Najczęściej kradzione marki samochodów w Polsce - Statystyki

Ogólne statystyki
  • Ten quiz został rozwiązany 72 razy
  • Średni wynik to 8 z 10
Statystyki odpowiedzi
Ilość Marka % Poprawnych
383 szt. BMW
95%
427 szt. Audi
92%
328 szt. Mercedes
86%
869 szt. Toyota
83%
398 szt. Volkswagen
78%
274 szt. Fiat
71%
282 szt. Hyundai
65%
202 szt. Peugeot
62%
303 szt. Kia
60%
285 szt. Renault
60%
Nie znaleziono quizów pasujących do podanych kryteriów
Rozkład punktacji
Procent ludzi z każdym wynikiem
Percentyl według liczby udzielonych odpowiedzi
Twoja historia wyników
Nie rozwiązałeś tego quizu